LEADER 01304nam a2200313 i 4500 001 991000447129707536 008 091119s2006 it 000 0 ita d 020 $a9788860300225 035 $ab1385866x-39ule_inst 040 $aDip.to Scienze pedagogiche$bita 082 0 $a306.3 100 1 $aRutelli, Pietro$0253458 245 14$aGli oggetti di qualità e i loro significati :$bil design tra ergonomia di prodotto, di processo e di consumo /$cPietro Rutelli, Elisa Bortolanza 260 $aMilano :$bR. Cortina,$c2006 300 $aXIII, 204 p. ;$c22 cm 440 0$aIndividuo, gruppo, organizzazione.$pTheatrum 504 $aBibliografia: p. 185-204 650 4$aConsumo$xAspetti socio-culturali 650 4$aConsumatori$xPsicologia 650 4$aOggetti$xAspetti socio-culturali 650 4$aDesign 650 4$aConsumatori$xComportamento 700 1 $aBortolanza, Elisa$eauthor$4http://id.loc.gov/vocabulary/relators/aut$0731223 907 $a.b1385866x$b02-04-14$c19-11-09 912 $a991000447129707536 945 $aLE022 306 RUT01.02$g1$i2022000129886$lle022$nLE022/PINNELLI/2009$op$pE21.00$q-$rl$s- $t0$u0$v0$w0$x0$y.i15034495$z23-11-09 996 $aOggetti di qualità e i loro significati$91440461 997 $aUNISALENTO 998 $ale022$b19-11-09$cm$da $e-$fita$git $h4$i0 LEADER 03383oam 22007334a 450 001 9910953566303321 005 20250322110031.0 010 $a9780814732335 010 $a081473233X 010 $a9780814733134 010 $a0814733131 024 7 $a10.18574/nyu/9780814733134 035 $a(CKB)3170000000046726 035 $a(EBL)865488 035 $a(OCoLC)779828097 035 $a(SSID)ssj0000605887 035 $a(PQKBManifestationID)11433677 035 $a(PQKBTitleCode)TC0000605887 035 $a(PQKBWorkID)10580186 035 $a(PQKB)11368147 035 $a(StDuBDS)EDZ0001323468 035 $a(MiAaPQ)EBC865488 035 $a(OCoLC)742323019 035 $a(MdBmJHUP)muse10795 035 $a(DE-B1597)548399 035 $a(DE-B1597)9780814733134 035 $a(Perlego)720265 035 $a(ODN)ODN0002902553 035 $a(EXLCZ)993170000000046726 100 $a20090630d2010 uy 0 101 0 $aeng 135 $aur|n|---||||| 181 $ctxt 182 $cc 183 $acr 200 10$aGuadalupe in New York $eDevotion and the Struggle for Citizenship Rights among Mexican Immigrants /$fAlyshia Ga?lvez 210 1$aNew York ;$aLondon, [England] :$cNew York University Press,$d2010. 210 4$d©2010 215 $a1 online resource (254 p.) 300 $aDescription based upon print version of record. 311 08$a0-8147-3214-3 311 08$a0-8147-3215-1 320 $aIncludes bibliographical references (p. 211-225) and index. 327 $aOn citizenship, membership, and the right to have rights -- Los Comit's Guadalupanos and Asociacio?n Tepeyac: their formation and context -- Our Lady of Guadalupe: the image and its circulation -- El viacrucis del inmigrante and other public processions -- La antorcha Guadalupana/the Guadalupan torch run: messengers for a people divided by the border -- Conclusion: Citizenship for immigrants -- Appendix: A note on methodology and the use of pseudonyms. 330 $aEvery December 12th, thousands of Mexican immigrants gather for the mass at New York City's St. Patrick's Cathedral in honor of Our Lady of Guadalupe's feast day. They kiss images of the Virgin, wait for a bishop's blessing-and they also carry signs asking for immigration reform, much like political protestors. It is this juxtaposition of religion and politics that Alyshia Ga?lvez investigates in Guadalupe in New York . The Virgin of Guadalupe is a profound symbol for Mexican and Mexican-American Catholics and the patron saint of their country. Her name has been invoked in war and in peace, and 606 $aEmigration and immigration$xReligious aspects$xChristianity 606 $aCivil rights$zUnited States 606 $aCitizenship$zUnited States 606 $aGuadalupe, Our Lady of 606 $aMexican Americans$zNew York$zNew York$xReligion 607 $aUnited States$xEmigration and immigration 615 0$aEmigration and immigration$xReligious aspects$xChristianity. 615 0$aCivil rights 615 0$aCitizenship 615 0$aGuadalupe, Our Lady of. 615 0$aMexican Americans$xReligion. 676 $a305.868/7207471 700 $aGa?lvez$b Alyshia$01796382 801 0$bMdBmJHUP 801 1$bMdBmJHUP 906 $aBOOK 912 $a9910953566303321 996 $aGuadalupe in New York$94338106 997 $aUNINA